| 000 | 00476nam a2200181 a 4500 | ||
|---|---|---|---|
| 001 | 12935 | ||
| 005 | 20180713201246.0 | ||
| 008 | 140415s1993 000 0 spa d | ||
| 020 | _a9580400385 | ||
| 041 | _aspa | ||
| 082 |
_a658.4 _bSAL |
||
| 100 | 1 | _aSALLENAVE, JEAN-PAUL | |
| 245 | 1 | 0 | _aGERENCIA Y PLANEACION ESTRATEGICA |
| 260 |
_a[s.l.] : _bNORMA, _c1993 |
||
| 300 | _a283 | ||
| 490 | _aDESARROLLO GERENCIAL | ||
| 650 | 1 | 4 | _aADMINISTRACION DE EMPRESAS |
| 999 |
_c12935 _d12935 |
||